Toto je marketing
Salvato in:
| Autore principale: | |
|---|---|
| Natura: | Libro |
| Lingua: | slovacco |
| Pubblicazione: |
Bratislava
Lindeni
2021
|
| Edizione: | 2. a upravené slovenské vydanie |
| Soggetti: | |
| Tags: |
Nessun Tag, puoi essere il primo ad aggiungerne!!
|
MARC
| LEADER | 00000nam a2200000 4500 | ||
|---|---|---|---|
| 001 | 0292032 | ||
| 005 | 20240416114206.6 | ||
| 020 | |a 978-80-566-2317-6 | ||
| 041 | 0 | |a slo | |
| 044 | |a SK | ||
| 245 | 1 | 0 | |a Toto je marketing |c Seth Godin |
| 250 | |a 2. a upravené slovenské vydanie | ||
| 264 | 1 | |a Bratislava |b Lindeni |c 2021 | |
| 300 | |a 236 s. | ||
| 610 | 2 | 0 | |a marketing |
| 610 | 2 | 0 | |a komunikácia marketingová |
| 610 | 2 | 0 | |a marketing manažment |
| 610 | 2 | 0 | |a marketing mix |
| 610 | 2 | 0 | |a trh |
| 100 | 1 | |a Godin, Seth | |